| 000 | 00353nam a22001337a 4500 | ||
|---|---|---|---|
| 005 | 20180305123113.0 | ||
| 008 | 170731b xxu||||| |||| 00| 0 eng d | ||
| 040 | _cPK-LaUMT | ||
| 082 |
_aZIAC 297.05 _bISL- |
||
| 245 | _aIslam and the modern age(Vol - 21 No. 1)/ | ||
| 260 |
_aNew Delhi: _bZakir Husain Institute, _c1991 |
||
| 300 | _a88 p. | ||
| 942 | _cBK | ||
| 999 |
_c96006 _d96006 |
||